Top 10 państw według produkcji energii nuklearnej - Statystyki

Ogólne statystyki
  • Ten quiz został rozwiązany 5 159 razy
  • Średni wynik to 8 z 10
Statystyki odpowiedzi
GWh % Country % Poprawnych
779 186 18,6 Stany Zjednoczone
99%
406 484 4,9 Chiny
96%
203 957 18,4 Rosja
96%
323 773 64,8 Francja
93%
77 539 5,6 Japonia
82%
83 465 13,7 Kanada
80%
54 371 20,3 Hiszpania
64%
171 640 31,5 Korea Południowa
63%
81 126 55 Ukraina
61%
46 648 28,6 Szwecja
37%
Nie znaleziono quizów pasujących do podanych kryteriów
Rozkład punktacji
Procent ludzi z każdym wynikiem
Percentyl według liczby udzielonych odpowiedzi
Twoja historia wyników
Nie rozwiązałeś tego quizu